| 000 | 00445nam a2200181Ia 4500 | ||
|---|---|---|---|
| 001 | 3589 | ||
| 005 | 20260306145654.0 | ||
| 008 | 260306t2005||||xx |||||||||||||| ||spa|| | ||
| 041 | _aESP | ||
| 082 |
_a291.5 _bJ81 |
||
| 100 |
_aJuan Pablo II _eAUT |
||
| 245 | 0 | _aMemoria e identidadconversaciones al filo de dos milenios | |
| 260 | _c2005 | ||
| 300 |
_a214 páginas : _c21 cm. |
||
| 650 | _aGEN | ||
| 654 | _aCHU | ||
| 942 |
_cLIB _dJUS _fJUS _2ddc _n |
||
| 999 |
_c3589 _d3589 |
||